000 00469cam a2200181ua 4500
020 _cRs 0.45
041 _amal
_h
082 _a894.8121
_bNAR/KH
100 _aNarayana Menon, Vallathol.
245 _aKhanda Krithikal /
_cVallathol Narayana Menon.
_hTextual Documents
250 _a11 /
_b.
260 _aCheruthuruthy :
_bVallathol Granthalayam ,
_c1961.
300 _a331 ; .
365 _aRs 0.45
504 _a
942 _cBK
999 _c4037
_d4037